Estadísticas para Islas Vírgenes más Grandes

Haz click aquí para intentar la prueba.

Estadísticas generales

  • Esta prueba ha sido intentada 339 veces
  • La puntuación promedio es 5 de 6

Respuestas en el mapa

Las respuestas están codificadas por una escala verde-roja en el mapa de la prueba según el % correcto abajo.
 

Estadísticas de respuestas

ÁreaIsla% Correcto
214 km2Santa Cruz
90%
51 km2San Juan
85%
81 km2Santo Tomás
83%
56 km2Tórtola
78%
21 km2Virgen Gorda
73%
38 km2Anegada
71%

Distribución de puntuación

Porcentaje por número respondido

Porcentaje de gente con cada puntuación

Historial de tus puntuaciones

No has intentado esta prueba.